1679 1851 1400 1716 1236 1285 1661 1230 1793 1495 1108 1489 1754 1829 1044 1398 1280 1325 1740 1341 1483 1684 1824 1589 1069 1514 1777 1773 1354 1831 1960 1122 1477 1921 1488 1193 1889 1115 1792 1329 1788 1038 1847 1096 1414 1601 1155 1614 1170 1850 1796 1630 1920 1396 1450 1572 1569 1803 1423 1617 1826 1210 1940 1613 1357 1769 1505 1837 1144 1135 1958 1832 1318 1942 1533 1577 1776 1339 1611 1826 1414 1120 1993 1342 1189 1732 1185 1674 1197 1244 1173 1088 1609 1665 1379 1187 1084 1711 1263 BCNSPRNW ULIB Ver.6.0+V

เปลี่ยนเป็นภาษาไทย

Change to English
 แสดงรายละเอียดบรรณานุกรม
  กลับหน้าหลัก

Brief Record : Get Marc (ISO 2709) : E-mail record : QR code < ปิดหน้าต่าง
LEADER : 00000nam 2200000uu 4500
001    13399111353
003     ULIB
008    110623s2548||||th 000 0 tha d
020    9749940113
020    9789749940112
060  4 QU4^bส46ค ล.1
245 00 เคมีทั่วไป เล่ม 1 /^cภาควิชาเคมี คณะวิทยาศาสตร์จุฬาลงกรณ์มหาวิทยาลัย; ผู้เรียบเรียง, ประภาณี เกษมศรี ณ อยุธยา ... [และคนอื่น ๆ]
250    พิมพ์ครั้งที่ 9
260    กรุงเทพฯ :^bภาควิชาเคมี จุฬาลงกรณ์มหาวิทยาลัย,^c2548
300    380 หน้า :^bภาพประกอบ,^c26 ซม.
536 ได ้รับรางวัลตามโครงการส่งเสริมการแต่งและแปลตำราของจุฬาลงกรณ์มหาวิทยาลัย
650  7 เคมี
700 0  ประภาณี เกษมศรี ณ อยุธยา
710 2  จุฬาลงกรณ์มหาวิทยาลัย. ^bคณะวิทยาศาสตร์. ^bภาควิชาเคมี
945    ^p180^l0^i14104
945    ^p180^l0^i14105
995    กัณชพร
999 ^a ใช้งานได้ทุกระบบ
รายการนี้ยังไม่มีแท็ก
คุณยังไม่ได้ล็อกอิน คุณสามารถมีกิจกรรมร่วมกับเว็บไซต์ได้ แต่ต้องล็อกอินก่อน ::
  ล็อกอิน

รายการสื่อสารสนเทศ

ลำดับที่ ประเภท เลขเรียก/บาร์โค้ด สถานที่ สถานะ
- ไม่พบข้อมูล -

รายการใกล้เคียง
    หัวเรื่อง [เคมี]

BibComment


ยังไม่เคยถูกคอมเมนท์

คอมเมนท์ทรัพยากรรายการนี้
  คอมเมนท์: เคมีทั่วไป เล่ม 1..


 Copyright 2026. Bcnsprnw @Library